000 00872nam a22002531 4500
001 14177
003 BD-RjUL
005 20211208235602.0
008 140205s1960 enka b 001 0 eng
035 _a(BD-RjUL)14229
040 _aDLC/ICU
_cICU
_dDLC
_dBD-RjUL
_beng
041 _aeng
082 0 0 _a541.382
_bSWR 1960
_223
100 1 _aSwallow, A. J.
_944275
245 1 0 _aRadiation chemistry of organic compounds /
_cby A. J. Swallow.
260 _aOxford;
_aNew York :
_bPergamon Press,
_c1960.
300 _axiii, 380 p. :
_bill. ;
_c23 cm.
490 1 _aInternational series of monographs on radiation effects in materials;
_vv. 2
504 _aIncludes bibliography and index.
650 0 _aRadiation chemistry.
_931583
830 0 _aInternational series of monographs on radiation effects in materials ;
_vv. 2.
_9219008
942 _2ddc
_cBK
999 _c14177
_d14177